000
00281nam a2200121Ia 4500
008
190216s9999||||xx |||||||||||||| ||und||
100
_a
Navendu Ghosh
245
0
_a
Hindi-Chunintha Kahaniyam
260
_b
Roshnai Prakashan
_c
2009
300
_a
287
650
_a
Hindi
942
_c
BK
999
_c
16852
_d
16852